[Event "Rated Rapid game"]
[Site "?"]
[Date "2021.04.04"]
[Round "?"]
[White "PuroNorteCarnale"]
[Black "fabio11"]
[Result "1-0"]
[WhiteElo "2262"]
[BlackElo "2419"]
[PlyCount "77"]
[EventDate "2021.??.??"]
[EventType "rapid"]
[TimeControl "600"]

1. e4 e5 2. Nf3 Nc6 3. Nc3 Nf6 4. Nxe5 Nxe5 5. d4 Nc6 6. d5 Nb8 7. e5 Ng8 8. d6
c6 9. Bc4 Qh4 10. Qe2 b5 11. Bxf7+ Kxf7 12. Ne4 h6 13. Qf3+ Ke8 14. Bf4 g6 15.
O-O Na6 16. Rad1 Nb4 17. Nf6+ Nxf6 18. exf6 Qxf6 19. Rfe1+ Kf7 20. Qb3+ Kg7 21.
Be5 Qxe5 22. Rxe5 Nd5 23. Rexd5 cxd5 24. Qxd5 Rb8 25. Re1 Rb6 26. Re8 Kh7 27.
f4 Bg7 28. Rxh8+ Kxh8 29. Qd3 Kh7 30. h4 Bf8 31. Qe4 Kg7 32. Qe8 Rc6 33. a4
bxa4 34. h5 gxh5 35. f5 Bxd6 36. Qg6+ Kf8 37. f6 Bb7 38. c3 Ra6 39. Qxh6+ {
Normal} 1-0

[Event "Rated Blitz tournament vtnxHTLX"]
[Site "?"]
[Date "2021.04.03"]
[Round "?"]
[White "vovaches"]
[Black "venajalainen"]
[Result "0-1"]
[WhiteElo "2613"]
[BlackElo "2838"]
[PlyCount "48"]
[EventDate "2021.??.??"]
[EventType "blitz"]
[TimeControl "180"]

1. e4 e5 2. Nf3 Nc6 3. Nc3 Nf6 4. Nxe5 Nxe5 5. d4 Ng6 6. e5 Ng8 7. Bc4 d5 8.
Bxd5 Bb4 9. Qf3 Qe7 10. O-O c6 11. Bb3 Bxc3 12. bxc3 Nh6 13. Bxh6 gxh6 14. Qe3
Be6 15. f4 Nh4 16. f5 Nxf5 17. Qe4 Qg5 18. Rf4 O-O-O 19. Raf1 Ne7 20. Bxe6+
fxe6 21. Rf7 Nd5 22. c4 Qe3+ 23. Qxe3 Nxe3 24. R1f6 Rxd4 {Normal} 0-1

[Event "Rated Blitz game"]
[Site "?"]
[Date "2021.04.03"]
[Round "?"]
[White "Pepeoutai"]
[Black "RalphSheldon"]
[Result "0-1"]
[WhiteElo "2421"]
[BlackElo "2459"]
[PlyCount "28"]
[EventDate "2021.??.??"]
[EventType "blitz"]
[TimeControl "180+2"]

1. e4 e5 2. Nf3 Nc6 3. Nc3 Nf6 4. Nxe5 Nxe5 5. d4 Ng6 6. e5 Ng8 7. Bc4 d5 8.
Bxd5 N8e7 9. Bb3 Nf5 10. Be3 Bb4 11. Qf3 O-O 12. Rd1 Ngh4 13. Qe4 Nxe3 14. fxe3
Bf5 {Normal} 0-1

[Event "Rated Blitz game"]
[Site "?"]
[Date "2021.04.03"]
[Round "?"]
[White "kahvitauko"]
[Black "JoeAssaad"]
[Result "0-1"]
[WhiteElo "2418"]
[BlackElo "2479"]
[PlyCount "134"]
[EventDate "2021.??.??"]
[EventType "blitz"]
[TimeControl "180"]

1. e4 Nf6 2. Nc3 e5 3. Nf3 Nc6 4. Nxe5 Nxe5 5. d4 Ng6 6. e5 Ng8 7. Bc4 d5 8.
Bxd5 c6 9. Be4 Bb4 10. O-O N8e7 11. f4 Bxc3 12. bxc3 Bf5 13. Bf3 h5 14. Ba3 h4
15. Rb1 Qd7 16. c4 O-O 17. d5 Rfd8 18. Bd6 Nc8 19. c5 cxd5 20. Bxd5 Nxd6 21.
cxd6 Rab8 22. Rb3 Rdc8 23. c4 b5 24. Rxb5 Rxb5 25. cxb5 Qxb5 26. h3 a5 27. Kh1
a4 28. Re1 Nxf4 29. Bf3 Nd3 30. Rf1 Rc1 31. Qxc1 Nxc1 32. Rxc1 Qxe5 33. Rd1 Bd7
34. Bg4 f5 35. Bf3 g5 36. Rd5 Qe1+ 37. Kh2 Kg7 38. Rd1 Qe5+ 39. Kh1 g4 40. hxg4
fxg4 41. Bxg4 Bxg4 42. d7 Bxd7 43. Rxd7+ Kf6 44. Rd3 Qe2 45. Ra3 Qe1+ 46. Kh2
Qb4 47. Rf3+ Kg5 48. a3 Qd6+ 49. Kh3 Qe6+ 50. Kh2 Kg4 51. Kg1 Qe1+ 52. Kh2 Qc1
53. Rh3 Qf4+ 54. Kh1 Qd6 55. Rf3 Qc7 56. Kg1 Qc1+ 57. Kh2 Qc5 58. Kh1 Kg5 59.
Kh2 Qd4 60. Kh1 Kg6 61. Kh2 h3 62. Kxh3 Qd6 63. g4 Qd1 64. Rf5 Qh1+ 65. Kg3 Qa1
66. Rf3 Qa2 67. Kf4 Qg8 {Time forfeit} 0-1

[Event "Rated Blitz game"]
[Site "?"]
[Date "2021.04.03"]
[Round "?"]
[White "Pepeoutai"]
[Black "Captaintrunk"]
[Result "1-0"]
[WhiteElo "2429"]
[BlackElo "2252"]
[PlyCount "151"]
[EventDate "2021.??.??"]
[EventType "blitz"]
[TimeControl "180+2"]

1. e4 e5 2. Nf3 Nc6 3. Nc3 Nf6 4. Nxe5 Nxe5 5. d4 Ng6 6. e5 Ng8 7. Bc4 d5 8.
Bxd5 Be6 9. Bxb7 Rb8 10. Bc6+ Bd7 11. Bd5 N8e7 12. Bb3 Nc6 13. O-O Be7 14. f4
Bf5 15. d5 Na5 16. g4 Bd7 17. e6 fxe6 18. dxe6 Bc5+ 19. Kg2 Bc6+ 20. Bd5 Bxd5+
21. Qxd5 Qxd5+ 22. Nxd5 Bd6 23. f5 Ne5 24. h3 O-O 25. b3 Nac6 26. Bb2 Nb4 27.
Ne3 Nbc6 28. Rae1 Bb4 29. Rd1 Bc5 30. Nd5 Bd6 31. c4 Nxc4 32. Bxg7 Kxg7 33.
bxc4 Rb2+ 34. Kf3 Ne5+ 35. Ke4 Re2+ 36. Kd4 Nc6+ 37. Kd3 Rxa2 38. f6+ Kg6 39.
e7 Ra3+ 40. Kc2 Nb4+ 41. Nxb4 Bxb4 42. exf8=Q Bxf8 43. Rd8 Kf7 44. Rd7+ Kg6 45.
Rxc7 Rxh3 46. Rxa7 Rg3 47. Ra8 Kf7 48. Ra7+ Kg6 49. Rh1 Rxg4 50. Rhxh7 Rxc4+
51. Kd3 Rf4 52. Rh8 Rxf6 53. Rh1 Rd6+ 54. Ke4 Re6+ 55. Kd5 Re2 56. Ra6+ Kg5 57.
Rg1+ Kh5 58. Ra8 Rd2+ 59. Kc4 Bh6 60. Rh8 Rh2 61. Rd1 Rh3 62. Rd5+ Kg6 63. Rd6+
Kg5 64. Rc8 Rh4+ 65. Kd3 Rh3+ 66. Ke4 Rh4+ 67. Kf3 Rf4+ 68. Kg3 Rf5 69. Rg8+
Kh5 70. Rh8 Kg5 71. Rhxh6 Ra5 72. Rhg6+ Kh5 73. Rh6+ Kg5 74. Rdg6+ Kf5 75. Rh5+
Kxg6 76. Rxa5 {Normal} 1-0

[Event "Rated Blitz game"]
[Site "?"]
[Date "2021.04.02"]
[Round "?"]
[White "tangonajdorf"]
[Black "walaasarwat"]
[Result "1-0"]
[WhiteElo "2408"]
[BlackElo "2459"]
[PlyCount "85"]
[EventDate "2021.??.??"]
[EventType "blitz"]
[TimeControl "180+2"]

1. e4 e5 2. Nf3 Nc6 3. Nc3 Nf6 4. Nxe5 Nxe5 5. d4 Ng6 6. e5 Ng8 7. Bc4 c6 8.
Qf3 f5 9. h4 d5 10. exd6 Bxd6 11. Bg5 Nf6 12. h5 Nf8 13. h6 gxh6 14. Rxh6 Ng6
15. Qe2+ Kf8 16. Rh1 Qe7 17. Bh6+ Ke8 18. Bg7 Qxe2+ 19. Nxe2 Rf8 20. Bxf8 Kxf8
21. O-O-O Bd7 22. g3 Re8 23. Nc3 f4 24. d5 c5 25. gxf4 Bxf4+ 26. Kb1 a6 27. a4
Ne5 28. Be2 Kg7 29. Rh4 Ng6 30. Rg1 Be5 31. Bd3 Bxc3 32. bxc3 Bxa4 33. Rxa4
Nxd5 34. Kb2 Rf8 35. Bxg6 hxg6 36. Rag4 Nf4 37. c4 b5 38. Rg5 bxc4 39. Rxc5
Rb8+ 40. Ka2 Rb4 41. Ka3 Rb7 42. Rxc4 Nd5 43. Rc6 {Time forfeit} 1-0

[Event "Rated Blitz game"]
[Site "?"]
[Date "2021.04.02"]
[Round "?"]
[White "vladlitus"]
[Black "Prayer791"]
[Result "0-1"]
[WhiteElo "2418"]
[BlackElo "2534"]
[PlyCount "86"]
[EventDate "2021.??.??"]
[EventType "blitz"]
[TimeControl "180"]

1. e4 e5 2. Nc3 Nf6 3. Nf3 Nc6 4. Nxe5 Nxe5 5. d4 Ng6 6. e5 Ng8 7. Bc4 d5 8.
Bxd5 c6 9. Be4 Be6 10. O-O f5 11. Bf3 Bb4 12. g3 N8e7 13. Ne2 O-O 14. c3 Ba5
15. h4 Bd5 16. Bg2 Bxg2 17. Kxg2 Qd5+ 18. f3 b5 19. h5 Nh8 20. Nf4 Qd7 21. a4
a6 22. axb5 axb5 23. Nd3 Bb6 24. Rxa8 Rxa8 25. Be3 Nd5 26. Bf2 Nf7 27. Qd2 Nd8
28. b3 Ne6 29. Rd1 f4 30. g4 h6 31. c4 bxc4 32. bxc4 Ne3+ 33. Bxe3 fxe3 34.
Qxe3 Bxd4 35. Qe4 Ra2+ 36. Kg3 Ra5 37. Nc1 c5 38. f4 Ra3+ 39. Kg2 Qe7 40. f5
Qh4 41. Nd3 Rxd3 42. Rxd3 Qf2+ 43. Kh3 Ng5# {Normal} 0-1

[Event "Rated Blitz game"]
[Site "?"]
[Date "2021.04.01"]
[Round "?"]
[White "highway_star"]
[Black "Maxim_Shvetsov"]
[Result "1-0"]
[WhiteElo "2396"]
[BlackElo "2454"]
[PlyCount "31"]
[EventDate "2021.??.??"]
[EventType "blitz"]
[TimeControl "180"]

1. e4 e5 2. Nf3 Nc6 3. Nc3 Nf6 4. Nxe5 Nxe5 5. d4 Bb4 6. dxe5 Nxe4 7. Qg4 Nxc3
8. Qxb4 Nd5 9. Qg4 Rg8 10. Bc4 Nb6 11. Bg5 d5 12. Qh5 Qd7 13. Qxh7 Kf8 14. Bd3
Qg4 15. Be3 Qxg2 16. Bc5+ {Normal} 1-0

[Event "Rated Blitz game"]
[Site "?"]
[Date "2021.04.01"]
[Round "?"]
[White "highway_star"]
[Black "tigra522"]
[Result "1/2-1/2"]
[WhiteElo "2406"]
[BlackElo "2441"]
[PlyCount "97"]
[EventDate "2021.??.??"]
[EventType "blitz"]
[TimeControl "180"]

1. e4 e5 2. Nf3 Nc6 3. Nc3 Nf6 4. Nxe5 Nxe5 5. d4 Ng6 6. e5 Bb4 7. exf6 Qxf6 8.
Bc4 O-O 9. O-O c6 10. Ne4 Qh4 11. Bd3 d5 12. Ng3 Bd6 13. c3 Re8 14. Qc2 Bd7 15.
Bd2 Nf4 16. Bxf4 Bxf4 17. Rae1 g6 18. Qd1 Qf6 19. Rxe8+ Rxe8 20. Re1 Re6 21.
Rxe6 Qxe6 22. Qe2 h5 23. Qxe6 Bxe6 24. Ne2 Bg5 25. g3 Kg7 26. f4 Be7 27. Kf2
Bd6 28. Ng1 f6 29. Nf3 Bg4 30. Nh4 g5 31. fxg5 fxg5 32. Nf5+ Bxf5 33. Bxf5 Kf6
34. Bc8 b6 35. Bb7 c5 36. Bxd5 cxd4 37. cxd4 h4 38. gxh4 gxh4 39. h3 Bf4 40. b3
Ke7 41. Kf3 Bg3 42. Ke4 Kd6 43. Bf7 Bf2 44. a4 a5 45. Kd3 Bg1 46. Kc4 Bf2 47.
Kd3 Bg1 48. Kc4 Bf2 49. Kd3 {Normal} 1/2-1/2

[Event "Rated Blitz game"]
[Site "?"]
[Date "2021.04.01"]
[Round "?"]
[White "GorianUR"]
[Black "Lzikon"]
[Result "0-1"]
[WhiteElo "2304"]
[BlackElo "2434"]
[PlyCount "46"]
[EventDate "2021.??.??"]
[EventType "blitz"]
[TimeControl "180+2"]

1. e4 e5 2. Nf3 Nc6 3. Nc3 Nf6 4. Nxe5 Nxe5 5. d4 Ng6 6. e5 Bb4 7. exf6 Qxf6 8.
a3 Bxc3+ 9. bxc3 O-O 10. Bd3 Re8+ 11. Be3 d5 12. O-O c6 13. a4 Bf5 14. a5 Be4
15. a6 b6 16. c4 Nh4 17. Bxe4 Rxe4 18. cxd5 cxd5 19. Qh5 Qf5 20. Qxf5 Nxf5 21.
c4 dxc4 22. Rfc1 Nxd4 23. Kf1 Nb3 {Normal} 0-1

[Event "Rated Blitz tournament P9dISR5o"]
[Site "?"]
[Date "2021.04.01"]
[Round "?"]
[White "Starinov"]
[Black "EGNfanclub"]
[Result "1-0"]
[WhiteElo "2407"]
[BlackElo "2376"]
[PlyCount "55"]
[EventDate "2021.??.??"]
[EventType "blitz"]
[TimeControl "180"]

1. e4 e5 2. Nf3 Nc6 3. Nc3 Nf6 4. Nxe5 Nxe5 5. d4 Ng6 6. e5 Ng8 7. Bc4 d5 8.
Bxd5 c6 9. Bb3 Be6 10. Ne4 Bxb3 11. axb3 f5 12. Ng3 Qd7 13. O-O Nh6 14. Bxh6
gxh6 15. Re1 Qe6 16. c4 Bb4 17. d5 Qe7 18. Nxf5 Qg5 19. Nd6+ Bxd6 20. exd6+ Kd7
21. dxc6+ bxc6 22. b4 Rhe8 23. c5 Nf4 24. Rxe8 Kxe8 25. Qf3 Kd7 26. g3 Rf8 27.
Rxa7+ Ke6 28. Qe4+ {Normal} 1-0

[Event "Rated Blitz game"]
[Site "?"]
[Date "2021.03.31"]
[Round "?"]
[White "nunax"]
[Black "MonsieurPatate"]
[Result "0-1"]
[WhiteElo "2313"]
[BlackElo "2449"]
[PlyCount "90"]
[EventDate "2021.??.??"]
[EventType "blitz"]
[TimeControl "180"]

1. e4 e5 2. Nf3 Nc6 3. Nc3 Nf6 4. Nxe5 Nxe5 5. d4 Ng6 6. e5 Ng8 7. Bc4 d5 8.
Bxd5 c6 9. Bb3 Bb4 10. Qf3 Be6 11. Bxe6 fxe6 12. Be3 N8e7 13. O-O Bxc3 14. bxc3
Nf5 15. g4 Nfh4 16. Qe4 O-O 17. f4 Ne7 18. Bf2 Nhg6 19. Bg3 Qd5 20. Qd3 Qd7 21.
Rf2 Nd5 22. f5 Nge7 23. Raf1 Nb6 24. c4 Rad8 25. c3 c5 26. fxe6 Qxe6 27. Rxf8+
Rxf8 28. Rxf8+ Kxf8 29. d5 Qg6 30. Qe3 Qb1+ 31. Kg2 Qxa2+ 32. Kh3 Qxc4 33. d6
Qf1+ 34. Kh4 Ng6+ 35. Kg5 Kg8 36. e6 h6+ 37. Kxg6 Qb1+ 38. Kh5 Kh7 39. e7 Qg6+
40. Kh4 Nd7 41. e8=Q Qf6+ 42. Kh3 Nf8 43. Q3e4+ Ng6 44. d7 Qf1+ 45. Qg2 Qd3 {
Time forfeit} 0-1

[Event "Rated Blitz game"]
[Site "?"]
[Date "2021.03.31"]
[Round "?"]
[White "Henry940622"]
[Black "Simon2049"]
[Result "1-0"]
[WhiteElo "2318"]
[BlackElo "2415"]
[PlyCount "125"]
[EventDate "2021.??.??"]
[EventType "blitz"]
[TimeControl "180"]

1. e4 e5 2. Nf3 Nc6 3. Nc3 Nf6 4. Nxe5 Nxe5 5. d4 Bb4 6. dxe5 Nxe4 7. Qd4 Bxc3+
8. bxc3 d5 9. Bd3 Bf5 10. f3 c5 11. Qe3 Qh4+ 12. g3 Nxg3 13. Bxf5 Nxf5+ 14. Qf2
O-O 15. Qxh4 Nxh4 16. O-O Rae8 17. f4 Nf5 18. a4 Re6 19. a5 f6 20. Ba3 b6 21.
axb6 axb6 22. exf6 Rfxf6 23. Rfe1 Rg6+ 24. Kf2 Rxe1 25. Rxe1 Kf7 26. Re5 Nh4
27. Rxd5 Rg2+ 28. Ke3 Ke6 29. Rh5 Nf5+ 30. Kd3 h6 31. Bc1 g6 32. Rh3 Kd5 33.
c4+ Ke6 34. Bb2 Nd6 35. Be5 Nf5 36. Bc3 h5 37. Be5 Nd6 38. Bc3 Kf5 39. Be5 Nc8
40. Rg3 Rxg3+ 41. hxg3 Kg4 42. Bc7 Ne7 43. Ke4 Nf5 44. Bxb6 Nd4 45. Bxc5 Nxc2
46. Bf2 Nb4 47. c5 g5 48. fxg5 Kxg5 49. Ke5 Kg4 50. Kd6 Kf3 51. Be1 Nd3 52. c6
Nxe1 53. c7 Kxg3 54. c8=Q Nf3 55. Qg8+ Kh3 56. Kd5 h4 57. Ke4 Nh2 58. Ke3 Ng4+
59. Kf3 Nh2+ 60. Kf4 Nf1 61. Qg1 Ng3 62. Kf3 Ne2 63. Qg2# {Normal} 1-0

[Event "Rated Blitz tournament 897VhQEN"]
[Site "?"]
[Date "2021.03.31"]
[Round "?"]
[White "Starinov"]
[Black "ng99"]
[Result "0-1"]
[WhiteElo "2423"]
[BlackElo "2354"]
[PlyCount "118"]
[EventDate "2021.??.??"]
[EventType "blitz"]
[TimeControl "180"]

1. e4 e5 2. Nf3 Nc6 3. Nc3 Nf6 4. Nxe5 Nxe5 5. d4 Ng6 6. e5 Ng8 7. Bc4 d6 8.
Qf3 Qd7 9. O-O Qf5 10. Bb5+ Kd8 11. Qe2 dxe5 12. dxe5 Qxe5 13. Be3 Bd6 14. g3
Nf6 15. Rad1 Bh3 16. Rfe1 Kc8 17. Qd3 Qf5 18. Qe2 Bg4 19. Bd3 Qh5 20. Qf1 Bxd1
21. Rxd1 Ng4 22. h3 Nxe3 23. fxe3 Bxg3 24. Bf5+ Kb8 25. Qd3 a6 26. Nd5 Ne5 27.
Qf1 Nf3+ 28. Kg2 Nh4+ 29. Kxg3 Nxf5+ 30. Kh2 Nd6 31. Rd4 Qe5+ 32. Kh1 Ka7 33.
Nxc7 Rac8 34. Qd3 Rxc7 35. Rxd6 Rxc2 36. Rxa6+ bxa6 37. Qxc2 Re8 38. Qb3 Qe4+
39. Kh2 Qxe3 40. Qxf7+ Re7 41. Qf5 Qe5+ 42. Qxe5 Rxe5 43. Kg3 Re2 44. b4 Rxa2
45. Kf4 Rb2 46. h4 Rxb4+ 47. Kg5 Rxh4 48. Kxh4 a5 49. Kg4 a4 50. Kf4 a3 51. Ke5
a2 52. Ke6 a1=Q 53. Kf7 Qf6+ 54. Kg8 g5 55. Kxh7 g4 56. Kg8 g3 57. Kh7 Qg5 58.
Kh8 g2 59. Kh7 g1=Q {Time forfeit} 0-1

[Event "Rated Blitz game"]
[Site "?"]
[Date "2021.03.31"]
[Round "?"]
[White "highway_star"]
[Black "jt68"]
[Result "1-0"]
[WhiteElo "2399"]
[BlackElo "2410"]
[PlyCount "145"]
[EventDate "2021.??.??"]
[EventType "blitz"]
[TimeControl "180"]

1. e4 e5 2. Nf3 Nc6 3. Nc3 Nf6 4. Nxe5 Nxe5 5. d4 Ng6 6. e5 Ng8 7. Bc4 d5 8.
Bxd5 c6 9. Be4 f5 10. Bf3 Be6 11. O-O N8e7 12. Ne2 b5 13. a4 a6 14. axb5 axb5
15. Rxa8 Qxa8 16. b3 b4 17. Bg5 Nd5 18. Qd2 h6 19. Be3 Be7 20. c4 bxc3 21. Nxc3
Nxc3 22. Qxc3 Bd5 23. Bh5 Kf7 24. f3 Be6 25. Qd3 Rd8 26. g4 Qc8 27. Rc1 Qd7 28.
Bf2 c5 29. Rd1 cxd4 30. Ra1 Bg5 31. Ra6 Be3 32. Rxe6 Bxf2+ 33. Kxf2 Qxe6 34.
gxf5 Qb6 35. Bxg6+ Kg8 36. f6 gxf6 37. Bh7+ Kh8 38. Qg6 d3+ 39. Kg3 Qc7 40.
Qxf6+ Qg7+ 41. Qxg7+ Kxg7 42. Bxd3 h5 43. Be4 Rd4 44. Kf4 Rb4 45. Kg5 Rxb3 46.
Kxh5 Rb2 47. h4 Rh2 48. Kg4 Rg2+ 49. Kh3 Rc2 50. h5 Rc3 51. Kg4 Kh6 52. e6 Ra3
53. e7 Ra7 54. e8=Q Rg7+ 55. Kf4 Rf7+ 56. Ke3 Rg7 57. Qe6+ Kxh5 58. Qh3+ Kg5
59. Qg4+ Kf6 60. Qf5+ Ke7 61. Qe5+ Kf7 62. Bd5+ Kf8 63. f4 Re7 64. Ke4 Rxe5+
65. fxe5 Ke7 66. Kf5 Kd8 67. Kf6 Ke8 68. Bc6+ Kd8 69. e6 Kc7 70. e7 Kxc6 71.
e8=Q+ Kd5 72. Qe5+ Kc4 73. Qd6 {Time forfeit} 1-0

[Event "Rated Blitz tournament c3p56pIF"]
[Site "?"]
[Date "2021.03.30"]
[Round "?"]
[White "khalid_ontawar"]
[Black "AtalikS"]
[Result "0-1"]
[WhiteElo "2209"]
[BlackElo "2707"]
[PlyCount "74"]
[EventDate "2021.??.??"]
[EventType "blitz"]
[TimeControl "180"]

1. e4 e5 2. Nc3 Nf6 3. Nf3 Nc6 4. Nxe5 Nxe5 5. d4 Nc6 6. d5 Bb4 7. dxc6 bxc6 8.
Bd3 d5 9. e5 Nd7 10. O-O O-O 11. Bf4 Re8 12. Qh5 g6 13. Qe2 f6 14. Qg4 Nxe5 15.
Qg3 Bd6 16. Rfe1 Bb7 17. Rad1 Qd7 18. h3 Qg7 19. a3 Re7 20. b4 Rae8 21. Na4
Nf3+ 22. Qxf3 Rxe1+ 23. Rxe1 Rxe1+ 24. Kh2 Qe7 25. g3 d4 26. Nc5 Bxc5 27. bxc5
Kg7 28. h4 h5 29. Bd2 Re5 30. Qf4 g5 31. hxg5 fxg5 32. Qxd4 Qxc5 33. Qd7+ Qe7
34. Qd4 c5 35. Qb2 Qf6 36. Kg1 Re1+ 37. Bxe1 Qxb2 {Normal} 0-1

[Event "Rated Blitz game"]
[Site "?"]
[Date "2021.03.29"]
[Round "?"]
[White "laNoviadeChucky"]
[Black "J_z_L"]
[Result "1-0"]
[WhiteElo "2295"]
[BlackElo "2407"]
[PlyCount "53"]
[EventDate "2021.??.??"]
[EventType "blitz"]
[TimeControl "180+2"]

1. e4 e5 2. Nc3 Nc6 3. Nf3 Nf6 4. Nxe5 Nxe5 5. d4 Bb4 6. dxe5 Nxe4 7. Qd4 Bxc3+
8. bxc3 Ng5 9. Bd3 Ne6 10. Qe4 d5 11. Qe2 d4 12. c4 c5 13. O-O Rb8 14. f4 b6
15. f5 Nf8 16. Be4 Bb7 17. Qf3 Bxe4 18. Qxe4 Qd7 19. e6 fxe6 20. f6 gxf6 21.
Rxf6 Rg8 22. Bh6 Qb7 23. Rxf8+ Rxf8 24. Qxe6+ Qe7 25. Qc6+ Qd7 26. Re1+ Kd8 27.
Bg5+ {Normal} 1-0

[Event "Rated Blitz game"]
[Site "?"]
[Date "2021.03.29"]
[Round "?"]
[White "highway_star"]
[Black "jt68"]
[Result "0-1"]
[WhiteElo "2401"]
[BlackElo "2352"]
[PlyCount "70"]
[EventDate "2021.??.??"]
[EventType "blitz"]
[TimeControl "180"]

1. e4 e5 2. Nf3 Nc6 3. Nc3 Nf6 4. Nxe5 Nxe5 5. d4 Ng6 6. e5 Ng8 7. Bc4 d5 8.
Bxd5 c6 9. Be4 f5 10. Bf3 Nh4 11. O-O Be6 12. Be3 Nxf3+ 13. Qxf3 Bb4 14. Qg3 g6
15. Rad1 Bxc3 16. bxc3 Qd5 17. Bg5 Kf7 18. Qh4 Qe4 19. Qh3 h6 20. Bc1 f4 21.
Qh4 g5 22. Qh5+ Qg6 23. Qe2 Ne7 24. c4 Rad8 25. Ba3 Nf5 26. c3 Rd7 27. Rfe1
Rhd8 28. g3 Kg8 29. gxf4 Kh7 30. fxg5 Qf7 31. Kh1 Bxc4 32. g6+ Kxg6 33. Qg4+
Kh7 34. Rg1 Bd5+ 35. f3 Ne3 {Normal} 0-1

[Event "Rated Blitz game"]
[Site "?"]
[Date "2021.03.29"]
[Round "?"]
[White "highway_star"]
[Black "akentokan"]
[Result "1-0"]
[WhiteElo "2389"]
[BlackElo "2443"]
[PlyCount "119"]
[EventDate "2021.??.??"]
[EventType "blitz"]
[TimeControl "180"]

1. e4 e5 2. Nf3 Nc6 3. Nc3 Nf6 4. Nxe5 Nxe5 5. d4 Ng6 6. e5 Ng8 7. Bc4 d6 8.
Qf3 Qd7 9. O-O dxe5 10. Re1 Qf5 11. Bb5+ c6 12. Bxc6+ bxc6 13. Qxc6+ Qd7 14.
Qxa8 Qb7 15. Qxb7 Bxb7 16. dxe5 N8e7 17. Be3 Nc6 18. f4 Bb4 19. g3 Nge7 20.
Red1 Bxc3 21. bxc3 Na5 22. Bxa7 Nd5 23. Bd4 Kd7 24. Rab1 Kc6 25. Rb2 Nc4 26.
Rb3 Ba6 27. Rdb1 Ra8 28. Re1 Nd2 29. Kf2 Nxb3 30. cxb3 Bd3 31. a4 Bc2 32. e6 f6
33. b4 Bxa4 34. f5 Bb5 35. g4 Ra2+ 36. Kg3 Ne7 37. Bc5 Nd5 38. e7 Kb7 39. e8=Q
Bxe8 40. Rxe8 Nxc3 41. Re7+ Kc6 42. Rxg7 Ne4+ 43. Kf4 Nxc5 44. bxc5 Rxh2 45.
Rf7 Rh6 46. g5 fxg5+ 47. Kxg5 Rh1 48. f6 Kxc5 49. Rd7 Rf1 50. Rxh7 Kd6 51. Re7
Rg1+ 52. Kh6 Rf1 53. Kg7 Rg1+ 54. Kf7 Rg2 55. Re1 Rg3 56. Kf8 Rh3 57. f7 Rg3
58. Ke8 Rf3 59. f8=Q+ Rxf8+ 60. Kxf8 {Normal} 1-0

[Event "Rated Blitz tournament pDMw9tNd"]
[Site "?"]
[Date "2021.03.28"]
[Round "?"]
[White "Starinov"]
[Black "Chizhov_Alexei"]
[Result "1-0"]
[WhiteElo "2412"]
[BlackElo "2277"]
[PlyCount "21"]
[EventDate "2021.??.??"]
[EventType "blitz"]
[TimeControl "180"]

1. e4 e5 2. Nf3 Nc6 3. Nc3 Nf6 4. Nxe5 Nxe5 5. d4 Bb4 6. dxe5 Nxe4 7. Qg4 Bxc3+
8. bxc3 d5 9. Qxg7 Kd7 10. Qxf7+ Qe7 11. Qxd5+ {Normal} 1-0

[Event "Rated Blitz game"]
[Site "?"]
[Date "2021.03.28"]
[Round "?"]
[White "Smetanov_N"]
[Black "RalphSheldon"]
[Result "0-1"]
[WhiteElo "2302"]
[BlackElo "2473"]
[PlyCount "30"]
[EventDate "2021.??.??"]
[EventType "blitz"]
[TimeControl "180+2"]

1. e4 e5 2. Nf3 Nc6 3. Nc3 Nf6 4. Nxe5 Nxe5 5. d4 Ng6 6. e5 Ng8 7. Bc4 d5 8.
Bxd5 N8e7 9. Be4 c5 10. Nb5 Qa5+ 11. Nc3 cxd4 12. Qxd4 Nc6 13. Bxc6+ bxc6 14.
O-O Be7 15. f4 Bc5 {Normal} 0-1

[Event "Rated Blitz game"]
[Site "?"]
[Date "2021.03.28"]
[Round "?"]
[White "highway_star"]
[Black "NoahSkyler"]
[Result "0-1"]
[WhiteElo "2383"]
[BlackElo "2469"]
[PlyCount "66"]
[EventDate "2021.??.??"]
[EventType "blitz"]
[TimeControl "180"]

1. e4 Nf6 2. Nc3 e5 3. Nf3 Nc6 4. Nxe5 Nxe5 5. d4 Ng6 6. e5 Ng8 7. Bc4 Bb4 8.
Qf3 Bxc3+ 9. bxc3 Qe7 10. O-O Nh6 11. g3 O-O 12. h4 d6 13. Bg5 Qd7 14. h5 Nh8
15. Qf4 dxe5 16. dxe5 Qg4 17. Bxh6 gxh6 18. Qxh6 Qxc4 19. Qg5+ Ng6 20. hxg6
hxg6 21. Rfe1 Be6 22. Rad1 Qg4 23. Qf6 Qf5 24. Qe7 Rac8 25. Rd4 Rfe8 26. Qh4
Kg7 27. Rf4 g5 28. Rxf5 gxh4 29. Rg5+ Kf8 30. gxh4 Ke7 31. Kg2 Rh8 32. Rh1 Rcg8
33. f4 Bd5+ {Normal} 0-1

[Event "Rated Blitz game"]
[Site "?"]
[Date "2021.03.27"]
[Round "?"]
[White "Pepeoutai"]
[Black "IGRUSA"]
[Result "0-1"]
[WhiteElo "2436"]
[BlackElo "2292"]
[PlyCount "68"]
[EventDate "2021.??.??"]
[EventType "blitz"]
[TimeControl "180+2"]

1. e4 e5 2. Nf3 Nf6 3. Nc3 Nc6 4. Nxe5 Nxe5 5. d4 Ng6 6. e5 Ng8 7. Bc4 Bb4 8.
Qf3 Qe7 9. O-O Bxc3 10. bxc3 d5 11. Bxd5 Nh4 12. Qh5 c6 13. Bg5 Qc7 14. Bxf7+
Qxf7 15. Qxh4 Ne7 16. Rae1 Be6 17. f4 Nf5 18. Qf2 h6 19. Bh4 O-O 20. g4 Nxh4
21. Qxh4 Bc4 22. Rf2 Bxa2 23. f5 Bd5 24. Qg3 a5 25. h4 Kh8 26. g5 Qh5 27. f6 a4
28. fxg7+ Kxg7 29. Rf6 hxg5 30. hxg5 a3 31. e6 a2 32. Qc7+ Kg8 33. e7 Qxg5+ 34.
Kh2 Qg2# {Normal} 0-1

[Event "Rated Blitz game"]
[Site "?"]
[Date "2021.03.27"]
[Round "?"]
[White "viniciustine"]
[Black "Seras_Victoria"]
[Result "1-0"]
[WhiteElo "2322"]
[BlackElo "2453"]
[PlyCount "51"]
[EventDate "2021.??.??"]
[EventType "blitz"]
[TimeControl "180"]

1. e4 e5 2. Nf3 Nf6 3. Nc3 Nc6 4. Nxe5 Nxe5 5. d4 Ng6 6. e5 Ng8 7. Bc4 d5 8.
Bxd5 c6 9. Bb3 Be6 10. Bxe6 fxe6 11. Qg4 Qd7 12. Ne4 Rd8 13. Be3 Nh6 14. Bxh6
gxh6 15. Nf6+ Ke7 16. Nxd7 Rxd7 17. O-O-O Bg7 18. f4 Rg8 19. Rhf1 Nh8 20. Qh5
Nf7 21. f5 exf5 22. Rxf5 Ng5 23. h4 Ne6 24. Rf7+ Kd8 25. Rxd7+ Kxd7 26. Qf7+ {
Normal} 1-0

[Event "Rated Blitz game"]
[Site "?"]
[Date "2021.03.26"]
[Round "?"]
[White "Pernambuquinho"]
[Black "WEPKINS"]
[Result "0-1"]
[WhiteElo "2389"]
[BlackElo "2446"]
[PlyCount "72"]
[EventDate "2021.??.??"]
[EventType "blitz"]
[TimeControl "180"]

1. e4 e5 2. Nf3 Nc6 3. Nc3 Nf6 4. Nxe5 Nxe5 5. d4 Ng6 6. e5 Ng8 7. Bc4 d6 8. f4
dxe5 9. fxe5 c6 10. O-O Be6 11. d5 cxd5 12. Bb5+ Ke7 13. b3 Qb6+ 14. Kh1 Rc8
15. Ba3+ Kd8 16. Bxf8 Nxf8 17. Nxd5 Qxb5 18. c4 Qd7 19. Qf3 Ne7 20. Nxe7 Kxe7
21. Rad1 Qc7 22. Qf4 Ke8 23. Rd6 h5 24. Rfd1 Rh6 25. Qd4 Rg6 26. Qxa7 Nd7 27.
Qd4 Qc5 28. Rxd7 Bxd7 29. Qxd7+ Kf8 30. Qxb7 Qc6 31. Rd8+ Rxd8 32. Qxc6 Rxc6
33. h3 Rd2 34. a4 Ra2 35. b4 Rxa4 36. c5 Rxb4 {Normal} 0-1

[Event "Rated Blitz game"]
[Site "?"]
[Date "2021.03.26"]
[Round "?"]
[White "kingsolver2018"]
[Black "zolpi"]
[Result "1-0"]
[WhiteElo "2403"]
[BlackElo "2367"]
[PlyCount "79"]
[EventDate "2021.??.??"]
[EventType "blitz"]
[TimeControl "180"]

1. e4 e5 2. Nf3 Nf6 3. Nc3 Nc6 4. Nxe5 Nxe5 5. d4 Nc6 6. d5 Ne5 7. f4 Ng6 8. e5
Ng8 9. d6 cxd6 10. exd6 Qf6 11. Nb5 Kd8 12. Be3 Nxf4 13. Qd2 Ne6 14. O-O-O Nh6
15. Qa5+ Ke8 16. Bc4 Nf5 17. Rhf1 Qg6 18. Rxf5 Qxf5 19. Nc7+ Nxc7 20. Qxf5 Ne6
21. Rf1 f6 22. Qh5+ Kd8 23. Qa5+ Ke8 24. Bd2 Bxd6 25. Re1 Be5 26. Rxe5 fxe5 27.
Qxe5 Rf8 28. b3 Rf6 29. g4 Kf8 30. g5 Rf7 31. h4 Kg8 32. h5 Re7 33. h6 b6 34.
g6 Bb7 35. gxh7+ Kxh7 36. hxg7 Rxg7 37. Bc3 Rg6 38. Qh5+ Rh6 39. Qf7+ Ng7 40.
Qxg7# {Normal} 1-0